| 000 | 00496nam a2200169 4500 | ||
|---|---|---|---|
| 001 | 118957 | ||
| 003 | ES-MaACL | ||
| 007 | t| | ||
| 008 | 070214s1953 sp r ||||1| spa d | ||
| 100 | 1 |
_aPeyré, Joseph. _991595 |
|
| 245 | 1 | 0 |
_aLuces y sangre _b: novela / _cJoseph Peyré ; traducción de R. M. Tenreiro. |
| 250 | _a1ª. ed. | ||
| 260 |
_aBarcelona : _bJuventud, _c1953. |
||
| 300 |
_a336 p. ; _c19 cm. |
||
| 700 | 1 |
_aTenreiro, Ramón María. _9109707 |
|
| 852 |
_aES-MaACL _jC-6025 _bR.34542 |
||
| 999 |
_c118957 _d118957 |
||